Rubber co-operative sector in Kerala: Past, present and the future (Record no. 52632)

MARC details
000 -LEADER
fixed length control field 00548nam a2200133Ia 4500
100 ## - MAIN ENTRY--AUTHOR NAME
Personal name Mani K.T.
245 #0 - TITLE STATEMENT
Title Rubber co-operative sector in Kerala: Past, present and the future
260 ## - PUBLICATION, DISTRIBUTION, ETC. (IMPRINT)
Name of publisher Proceedings of Workshop on Rubber Processing and Marketing by the Co-operatives, 6-7 April 2004, National Co-operative Development Corporation and Rubber Board, Avenue Center, Kochi, India, pp. 50-63.
Year of publication 2004
650 ## - SUBJECT ADDED ENTRY--TOPICAL TERM
Topical Term History
650 ## - SUBJECT ADDED ENTRY--TOPICAL TERM
Topical Term Kerala
650 ## - SUBJECT ADDED ENTRY--TOPICAL TERM
Topical Term Rubber producers' society
942 ## - ADDED ENTRY ELEMENTS (KOHA)
Koha item type Bibliography STAF
Holdings
Withdrawn status Lost status Damaged status Not for loan Home library Current library Date acquired Koha item type
      Bibliography RRII Library RRII Library 09/04/2014 Bibliography STAF